000 00312nam a22001337a 4500
020 _qHB
040 _cFIZZA ISHAQ
082 _a628.7466
_bBOW
100 _aBOWMAN,
_990719
245 _aMANURE PATHOGEN MANURE MANAGEMENT /
_cBOWMAN
260 _bMC GRAW HILL,
_c2009.
300 _a568 P. ;
942 _2ddc
_cBK
999 _c588932
_d588932